PRINCIPLES OF CRIMINOLOGY (Record no. 23944)

MARC details
000 -LEADER
fixed length control field 00385nam a2200145Ia 4500
008 - FIXED-LENGTH DATA ELEMENTS--GENERAL INFORMATION
fixed length control field 240624s9999 xx 000 0 und d
041 ## - LANGUAGE CODE
Language code of text/sound track or separate title eng
082 ## - DEWEY DECIMAL CLASSIFICATION NUMBER
Classification number 340 SUT
100 ## - MAIN ENTRY--PERSONAL NAME
Personal name SUTHERLAND EDWIN H
245 ## - TITLE STATEMENT
Title PRINCIPLES OF CRIMINOLOGY
250 ## - EDITION STATEMENT
Edition statement (11th ed.)
260 ## - PUBLICATION, DISTRIBUTION, ETC.
Date of publication, distribution, etc. 2013
Place of publication, distribution, etc. New Delhi
Name of publisher, distributor, etc. Universal Law Publishing Co.
300 ## - PHYSICAL DESCRIPTION
Extent viii, : 696 : p. : cm. ; 26
365 ## - TRADE PRICE
Currency code RS
Price amount 15
Holdings
Withdrawn status Lost status Damaged status Not for loan Home library Current library Shelving location Date acquired Source of acquisition Cost, normal purchase price Full call number Barcode Date last seen Copy number Price effective from Koha item type
        IMTN IMTN Rack 14-B 12/12/2014 SLH 850.00 340 SUT 23944 06/24/2024 1 06/24/2024 Books
Designed & Maintained by: LRC IMT Nagpur Contact: lrc@imtnag.ac.in© 2024. All Rights Reserved.